Encuentro Mundial de Comunicación : Acapulco, Guerrero, 20 al 26 de octubre : resumen /

Memoria resumida del primer Encuentro Mundial de Comunicación, organizado por la empresa Televisa en Acapulco, México, del 20 al 26 de octubre de 1974. Seis fueron los temas eje del Encuentro: el futuro de las comunicaciones, la tecnología de las comunicación, la recepción y respuesta del mensaje, l...

Descripció completa

Guardat en:
Dades bibliogràfiques
Autor corporatiu: Encuentro Mundial de la Comunicación ( Acapulco México)
Format: Actes de congresos Llibre
Idioma:espanyol
Publicat: México : Gobierno del Estado de Jalisco, Departamento de Economía, 1974
Matèries:
Etiquetes: Afegir etiqueta
Sense etiquetes, Sigues el primer a etiquetar aquest registre!

MARC

LEADER 00000nam^a2200000^a^4500
001 000000122
005 20250521000000.0
009 20260310083015.77
037 |a Acervo ITESO - Biblioteca 
041 |a ESP 
082 |a 302. 2  |b ENC 1974 RES 
111 |a Encuentro Mundial de la Comunicación (  |n 1° :  |d 1974 :  |c Acapulco México) 
245 1 0 |a Encuentro Mundial de Comunicación :  |b Acapulco, Guerrero, 20 al 26 de octubre : resumen /  |c Encuentro Mundial de la Comunicación. 
264 1 |a México :  |b Gobierno del Estado de Jalisco, Departamento de Economía,  |c 1974 
300 |a 134 p. 
336 |a texto  |b txt  |2 rdacontenido 
337 |a sin mediación  |b n  |2 rdamedio 
338 |a volumen  |b nc  |2 rdasoporte 
520 |a Memoria resumida del primer Encuentro Mundial de Comunicación, organizado por la empresa Televisa en Acapulco, México, del 20 al 26 de octubre de 1974. Seis fueron los temas eje del Encuentro: el futuro de las comunicaciones, la tecnología de las comunicación, la recepción y respuesta del mensaje, la ética de la comunicación, la transmisión del mensaje y la revolución de los medios. El Encuentro también acogió una serie de testimonios humanos de la comunicación, presentados por personajes en primera instancia ajenos a este ámbito, y una reunión privada de Luis Echeverría Alvarez, presidente de México, con varios de los más célebres teóricos de la comunicación. 
649 |a XX 
650 |a Comunicación -  |x Congresos 
650 |a Proceso de Comunicación 
650 |a Etica Periodística 
650 |a Etica Profesional 
650 |a Medios de Comunicación 
650 |a Comunicación Masiva 
650 |a Comunicación -  |x Aspectos Tecnológicos 
650 |a Comunicación -  |x Teoría 
650 |a Comunicación -  |x Tema Principal 
910 |a Fondo General 
920 |a Impresos - Libros 
930 |a Colección General 
905 |a 101 
901 |a 0001220100  |b IT1  |c ACC  |i 000122  |u 20250521 
901 |a 0001220200  |b IT1  |c ACC  |i 900008  |u 20250521 
901 |a 0001220300  |b IT1  |c ACC  |i 900009  |u 20250521 
901 |a 0001220400  |b IT1  |c ACC  |i 900010  |u 20250521 
901 |a 0001220500  |b IT1  |c ACC  |i 900011  |u 20250521 
901 |a 0001220600  |b IT1  |c ACC  |i 900012  |u 20250521 
902 |a https://opac.biblio.iteso.mx/vufind/Record/000000122